| Tag |
First Indicator |
Second Indicator |
Subfields |
| LEADER |
00000cam a22000004a 4500 |
| 001 |
in00002063513 |
| 005 |
20151102051357.0 |
| 008 |
041004s2005 njua b 001 0 eng |
| 010 |
|
|
|a 2004023262
|
| 020 |
|
|
|a 0471220485 (cloth)
|
| 035 |
|
|
|a (OCoLC)ocm56755954
|
| 040 |
|
|
|a DLC
|c DLC
|d IXA
|d BAKER
|d TXA
|d UtOrBLW
|
| 042 |
|
|
|a pcc
|
| 049 |
|
|
|a TXAM
|
| 050 |
0 |
0 |
|a QA76.73.U63
|b U63 2005
|
| 082 |
0 |
0 |
|a 005.13/3
|2 22
|
| 245 |
0 |
0 |
|a UPC :
|b distributed shared memory programming /
|c Tarek El-Ghazawi [and others].
|
| 264 |
|
1 |
|a Hoboken, NJ :
|b Wiley,
|c [2005]
|
| 264 |
|
4 |
|c ©2005
|
| 300 |
|
|
|a viii, 252 pages :
|b illustrations ;
|c 24 cm.
|
| 336 |
|
|
|a text
|b txt
|2 rdacontent
|
| 337 |
|
|
|a unmediated
|b n
|2 rdamedia
|
| 338 |
|
|
|a volume
|b nc
|2 rdacarrier
|
| 500 |
|
|
|a "Wiley-Interscience."
|
| 504 |
|
|
|a Includes bibliographical references and index.
|
| 650 |
|
0 |
|a UPC (Computer program language)
|
| 650 |
|
0 |
|a Parallel programming (Computer science)
|
| 650 |
|
0 |
|a Electronic data processing
|x Distributed processing.
|
| 700 |
1 |
|
|a El-Ghazawi, Tarek.
|
| 856 |
4 |
1 |
|3 Table of contents
|u http://www.loc.gov/catdir/toc/ecip051/2004023262.html
|t 0
|
| 948 |
|
|
|a cataloged
|b h
|c 2005/8/10
|d c
|e jgreene
|f 6:00:57 pm
|
| 994 |
|
|
|a C0
|b TXA
|
| 999 |
|
|
|a MARS
|
| 999 |
f |
f |
|s 5bc4fb31-1843-3d98-bfd1-54c92dafa412
|i 39245965-655a-3920-aea7-820f7498ef6d
|t 0
|
| 952 |
f |
f |
|p normal
|a Texas A&M University
|b College Station
|c Sterling C. Evans Library
|d Evans: Library Stacks
|t 0
|e QA76.73.U63 U63 2005
|h Library of Congress classification
|i unmediated -- volume
|m A14832916137
|
| 998 |
f |
f |
|a QA76.73.U63 U63 2005
|t 0
|l Evans: Library Stacks
|